|
|
|
|
| LEADER |
00000cas a2200000 a 4500 |
| 001 |
vtls008419843 |
| 003 |
SK-MaSNL |
| 005 |
20260228161010.0 |
| 008 |
051220d19972021xo qr|p 0 b0slo |
| 040 |
|
|
|a SVKPO
|b slo
|c SVKPO
|d SNK
|e AACR2
|
| 041 |
0 |
|
|a slo
|
| 044 |
|
|
|a xo
|c SK
|
| 072 |
|
7 |
|a 681
|x Presná mechanika a prístroje. Hudobné nástroje
|2 konspekt
|
| 080 |
|
|
|a 681.2
|2 2011
|
| 080 |
|
|
|a 62-5
|2 2001
|
| 080 |
|
|
|a 53.08
|2 2011
|
| 080 |
|
|
|a 681.5
|2 2011
|
| 080 |
|
|
|a (085.3)
|2 2011
|
| 080 |
|
|
|a 050
|2 2011
|
| 245 |
0 |
0 |
|a Microwell info
|
| 260 |
|
|
|a Šaľa
|b Microwell spol. s r.o.
|c 1997-2021
|
| 300 |
|
|
|a zv.
|c 21-26 cm
|
| 310 |
|
|
|a 1x ročne
|b 2017-
|
| 321 |
|
|
|a 2x ročne (dvojčísla :Jar/Leto; Jeseň/Zima)
|b 2011-2016
|
| 321 |
|
|
|a 4x ročne
|b 1997-2010
|
| 362 |
0 |
|
|a Roč. 1, č. 1 (1997) - roč. 23 (2021)
|
| 500 |
|
|
|a Šéfredaktor: 1997-2000, Tibor Vígh ; 2001-2003, Vladimír Tomanka ; 1/2004 Ľuboš Rapavý ; 2/2004-2010, Lenka Križanová
|
| 500 |
|
|
|a Reg. číslo: 1747/97
|
| 500 |
|
|
|a Od r. 2003 chybne označenie ročníkov
|
| 500 |
|
|
|a Č. 3/2009 pravdepodobne nevyšlo
|
| 500 |
|
|
|a Od r. 2011 rozmer zv. 26 cm
|
| 500 |
|
|
|a Registr. číslo MKSR: EV 748/08
|
| 500 |
|
|
|a Od r. 2011 vychádza ako dvojčísla: Jar/Leto ; Jeseň/Zima
|
| 650 |
0 |
7 |
|a meracia technika
|2 SNKPH
|9 882
|
| 650 |
0 |
7 |
|a regulačná technika
|2 SNKPH
|9 67888
|
| 650 |
0 |
7 |
|a klimatizačná technika
|2 SNKPH
|9 67887
|
| 655 |
|
7 |
|a firemné časopisy
|2 SNKPH
|9 76220
|
| 700 |
1 |
|
|a Vígh, Tibor
|4 pbd
|9 267756
|
| 700 |
1 |
|
|a Tomanka, Vladimír
|4 pbd
|9 267757
|
| 700 |
1 |
|
|a Rapavý, Ľuboš
|4 pbd
|9 267758
|
| 700 |
1 |
|
|a Križanová, Lenka
|4 pbd
|9 267759
|
| 852 |
|
|
|a Štátna vedecká knižnica v Banskej Bystrici
|
| 852 |
|
|
|a Štátna vedecká knižnica v Prešove
|
| 856 |
4 |
1 |
|u http://www.microwell.sk
|
| 910 |
|
|
|a snk
|
| 999 |
|
|
|c 4067
|d 5997
|
| 952 |
|
|
|0 0
|1 0
|4 0
|7 0
|8 0
|a SNK
|b SNK
|d 2020-07-20
|i snk2020/12895
|l 0
|o snkČSC 3724/19[21]/2017
|p 17A1431191
|r 2026-02-21 22:08:44
|t č. okt.
|w 2026-02-21
|y PREZ
|
| 952 |
|
|
|0 0
|1 0
|4 0
|7 0
|8 0
|a SNK
|b SNK
|d 2020-07-20
|i snk2020/12896
|l 0
|o snkČSC 3724/20[22]/2018
|p 17A1431192
|r 2026-02-21 22:08:44
|t č. okt.
|w 2026-02-21
|y PREZ
|
| 952 |
|
|
|0 0
|1 0
|4 0
|7 0
|8 0
|a SNK
|b SNK
|d 2020-07-20
|i snk2020/12897
|l 0
|o snkČSC 3724/21[23]/2019
|p 17A1431193
|r 2026-02-21 22:08:44
|t č. nov.
|w 2026-02-21
|y PREZ
|
| 952 |
|
|
|0 0
|1 0
|4 0
|7 0
|8 0
|a SNK
|b SNK
|d 2017-06-20
|i snk2017/14415
|l 0
|o snkČSC 3724/1/1997
|p 17A1207106
|r 2026-02-21 22:18:20
|t č. 1-5, neúplné
|w 2026-02-21
|y PREZ
|z Chýba č. 1-4
|
| 952 |
|
|
|0 0
|1 0
|4 0
|7 0
|8 0
|a SNK
|b SNK
|d 2017-06-20
|i snk2017/14415
|l 0
|o snkČSC 3724/2/1998
|p 17A1207107
|r 2026-02-21 22:18:21
|t č. 1-4
|w 2026-02-21
|y PREZ
|
| 952 |
|
|
|0 0
|1 0
|4 0
|7 0
|8 0
|a SNK
|b SNK
|d 2017-06-20
|i snk2017/14415
|l 0
|o snkČSC 3724/3/1999
|p 17A1207108
|r 2026-02-21 22:18:21
|t č. 1-4
|w 2026-02-21
|y PREZ
|
| 952 |
|
|
|0 0
|1 0
|4 0
|7 0
|8 0
|a SNK
|b SNK
|d 2017-06-20
|i snk2017/14416
|l 0
|o snkČSC 3724/4/2000
|p 17A1207109
|r 2026-02-21 22:18:21
|t č. 1-4
|w 2026-02-21
|y PREZ
|
| 952 |
|
|
|0 0
|1 0
|4 0
|7 0
|8 0
|a SNK
|b SNK
|d 2017-06-20
|i snk2017/14416
|l 0
|o snkČSC 3724/5/2001
|p 17A1207110
|r 2026-02-21 22:18:21
|t č. 1-4
|w 2026-02-21
|y PREZ
|
| 952 |
|
|
|0 0
|1 0
|4 0
|7 0
|8 0
|a SNK
|b SNK
|d 2017-06-20
|i snk2017/14462
|l 0
|o snkČSC 3724/10[13]/2009
|p 17A1207119
|r 2026-02-21 22:18:21
|t č. 1-4, neúplné
|w 2026-02-21
|y PREZ
|z Č. 3 nevydali
|
| 952 |
|
|
|0 0
|1 0
|4 0
|7 0
|8 0
|a SNK
|b SNK
|d 2017-06-20
|i snk2017/14462
|l 0
|o snkČSC 3724/11[14]/2010
|p 17A1207115
|r 2026-02-21 22:18:21
|t č. jar, zima
|w 2026-02-21
|y PREZ
|
| 952 |
|
|
|0 0
|1 0
|4 0
|7 0
|8 0
|a SNK
|b SNK
|d 2017-06-20
|i snk2017/14480
|l 0
|o snkČSC 3724/12[15]/2011
|p 17A1207116
|r 2026-02-21 22:18:21
|t č. 1-2
|w 2026-02-21
|y PREZ
|
| 952 |
|
|
|0 0
|1 0
|4 0
|7 0
|8 0
|a SNK
|b SNK
|d 2017-06-20
|i snk2017/14480
|l 0
|o snkČSC 3724/13[16]/2012
|p 17A1207118
|r 2026-02-21 22:18:21
|t č. 1-2
|w 2026-02-21
|y PREZ
|
| 952 |
|
|
|0 0
|1 0
|4 0
|7 0
|8 0
|a SNK
|b SNK
|d 2017-06-20
|i snk2017/14480
|l 0
|o snkČSC 3724/14[17]/2013
|p 17A1207847
|r 2026-02-21 22:18:24
|t č. 1-2, neúplné
|w 2026-02-21
|y PREZ
|z Chýba č. 2
|
| 952 |
|
|
|0 0
|1 0
|4 0
|7 0
|8 0
|a SNK
|b SNK
|d 2017-06-20
|i snk2017/14480
|l 0
|o snkČSC 3724/16[19]/2015
|p 17A1207846
|r 2026-02-21 22:18:24
|t č. 1-2, neúplné
|w 2026-02-21
|y PREZ
|z Chýba č. 2
|
| 952 |
|
|
|0 0
|1 0
|4 0
|7 0
|8 0
|a SNK
|b SNK
|d 2017-06-20
|i snk2017/14480
|l 0
|o snkČSC 3724/17[20]/2016
|p 17A1207844
|r 2026-02-21 22:18:24
|t č. 1-2
|w 2026-02-21
|y PREZ
|
| 952 |
|
|
|0 0
|1 0
|4 0
|7 0
|8 0
|a SNK
|b SNK
|d 2017-06-20
|i snk2017/14416
|l 0
|o snkČSC 3724/6/2002
|p 17A1207111
|r 2026-02-21 22:18:28
|t č. 1-4
|w 2026-02-21
|y PREZ
|
| 952 |
|
|
|0 0
|1 0
|4 0
|7 0
|8 0
|a SNK
|b SNK
|d 2017-06-20
|i snk2017/14425
|l 0
|o snkČSC 3724/4[7]/2003
|p 17A1207112
|r 2026-02-21 22:18:28
|t č. 1-4
|w 2026-02-21
|y PREZ
|
| 952 |
|
|
|0 0
|1 0
|4 0
|7 0
|8 0
|a SNK
|b SNK
|d 2017-06-20
|i snk2017/14425
|l 0
|o snkČSC 3724/5[8]/2004
|p 17A1207113
|r 2026-02-21 22:18:28
|t č. 1-4
|w 2026-02-21
|y PREZ
|
| 952 |
|
|
|0 0
|1 0
|4 0
|7 0
|8 0
|a SNK
|b SNK
|d 2017-06-20
|i snk2017/14425
|l 0
|o snkČSC 3724/6[9]/2005
|p 17A1207114
|r 2026-02-21 22:18:28
|t č. 1-4
|w 2026-02-21
|y PREZ
|
| 952 |
|
|
|0 0
|1 0
|4 0
|7 0
|8 0
|a SNK
|b SNK
|d 2017-06-20
|i snk2017/14425
|l 0
|o snkČSC 3724/7[10]/2006
|p 17A1207122
|r 2026-02-21 22:18:28
|t č. 1-4
|w 2026-02-21
|y PREZ
|
| 952 |
|
|
|0 0
|1 0
|4 0
|7 0
|8 0
|a SNK
|b SNK
|d 2017-06-20
|i snk2017/14462
|l 0
|o snkČSC 3724/8[11]/2007
|p 17A1207121
|r 2026-02-21 22:18:28
|t č. 1-4
|w 2026-02-21
|y PREZ
|
| 952 |
|
|
|0 0
|1 0
|4 0
|7 0
|8 0
|a SNK
|b SNK
|d 2017-06-20
|i snk2017/14462
|l 0
|o snkČSC 3724/9[12]/2008
|p 17A1207120
|r 2026-02-21 22:18:28
|t č. 1-4
|w 2026-02-21
|y PREZ
|